Sports Quiz

Random Sports or NFL Quiz
Score 0/10 Timer 04:00
0 Plays Today
Team(s) Played For Player % Correct
Mostly 49ers???
94.2%
Mostly Vikings and Patriots ???
88.4%
Browns???
83.7%
Mostly Cowboys???
80.2%
Colts???
75.6%
Mostly Colts and Rams???
74.4%
Mostly Raiders and Chiefs???
62.8%
Mostly 49ers ???
61.6%
Mostly Vikings???
54.7%
Mostly Chargers ???
38.4%
Remove Ads.
Support Sporcle.
Get the best of Sporcle when you Go Orange. This ad-free experience offers more features, more stats, and more fun while also helping to support Sporcle. Thank you for becoming a member.

You're not logged in!

Compare scores with friends on all Sporcle quizzes.
OR
Log In

Show Comments

Extras

Created Dec 16, 2014ReportNominate
Tags:NFL Quiz, Leader, Player, team, Touchdown

Top Quizzes Today


Score Distribution

Your Account Isn't Verified!

In order to create a playlist on Sporcle, you need to verify the email address you used during registration. Go to your Sporcle Settings to finish the process.

Report this User

Report this user for behavior that violates our Community Guidelines.

Details: